[Event "XXXII Mitropa Cup"]
[Site "Meissen GER"]
[Date "2013.06.08"]
[Round "8.1"]
[White "Brunello, Sabino"]
[Black "Michalik, Peter"]
[Result "1/2-1/2"]
[WhiteElo "2598"]
[BlackElo "2565"]
[Annotator "ITA-SVK"]
[PlyCount "60"]
[EventDate "2013.06.01"]

1. d4 d5 2. c4 c6 3. cxd5 cxd5 4. Bf4 Nc6 5. e3 Nf6 6. Nc3 Bf5 7. Qb3 Na5 8.
Qa4+ Bd7 9. Bb5 Nc6 10. Qd1 a6 11. Bd3 Bg4 12. Nge2 e6 13. O-O Bxe2 14. Qxe2
Bd6 15. Bxd6 Qxd6 16. Rac1 O-O 17. Na4 Nd7 18. Nc5 Nxc5 19. Rxc5 Rfc8 20. Rfc1
g6 21. b4 Qd7 22. b5 axb5 23. Bxb5 Qd6 24. Bxc6 Rxc6 25. Rxc6 bxc6 26. g3 Qa3
27. Rxc6 Qxa2 28. Qxa2 Rxa2 29. Kg2 Kg7 30. Rc7 h5 1/2-1/2

[Event "XXXII Mitropa Cup"]
[Site "Meissen GER"]
[Date "2013.06.08"]
[Round "8.2"]
[White "Pacher, Milan"]
[Black "Dvirnyy, Danyyil"]
[Result "1/2-1/2"]
[WhiteElo "2464"]
[BlackElo "2540"]
[Annotator "ITA-SVK"]
[PlyCount "90"]
[EventDate "2013.06.01"]

1. e4 e5 2. Nf3 Nc6 3. Bb5 a6 4. Bxc6 dxc6 5. Nc3 f6 6. d4 exd4 7. Nxd4 c5 8.
Nde2 Qxd1+ 9. Nxd1 Bd7 10. Bf4 O-O-O 11. Ne3 Ne7 12. O-O-O Re8 13. Bg3 f5 14.
exf5 Nxf5 15. Nxf5 Bxf5 16. Nc3 Be7 17. Rhe1 Bg5+ 18. f4 Rxe1 19. Rxe1 Bf6 20.
Ne4 Be7 21. Ng5 Kd7 22. Nf7 Rf8 23. Ne5+ Kd8 24. Bf2 Bd6 25. g3 Bxe5 26. Rxe5
b6 27. Be1 Kd7 28. c4 Rf7 29. b3 g6 30. Bc3 Kc6 31. Rd5 b5 32. b4 cxb4 33. Bxb4
Be6 34. Rc5+ Kb6 35. cxb5 axb5 36. a3 Rd7 37. Re5 Bf5 38. Bc5+ Kc6 39. Bf2 Rd3
40. Re3 Rd5 41. Re5 Rd3 42. Re3 Rd8 43. Re5 Bd3 44. g4 Bc4 45. f5 gxf5 1/2-1/2

[Event "XXXII Mitropa Cup"]
[Site "Meissen GER"]
[Date "2013.06.08"]
[Round "8.3"]
[White "Mogranzini, Roberto"]
[Black "Petenyi, Tamas"]
[Result "1/2-1/2"]
[WhiteElo "2513"]
[BlackElo "2466"]
[Annotator "ITA-SVK"]
[PlyCount "88"]
[EventDate "2013.06.01"]

1. c4 Nc6 2. g3 e5 3. Nc3 d6 4. Bg2 Be6 5. d3 Qd7 6. b4 g6 7. b5 Nd8 8. Nf3 h6
9. O-O Bg7 10. e4 Ne7 11. Rb1 O-O 12. Nd5 Kh7 13. d4 f5 14. Nxe7 Qxe7 15. dxe5
dxe5 16. exf5 gxf5 17. Qc2 Nf7 18. Nh4 Qf6 19. Bxb7 Rad8 20. c5 Rd4 21. f4 Rc4
22. Qf2 exf4 23. gxf4 Qe7 24. Be3 Ne5 25. fxe5 Rxh4 26. Bf4 Bc4 27. Rfd1 Bxa2
28. Rbc1 Be6 29. Kh1 Rg4 30. Bc6 Rd8 31. h3 Rg6 32. Bf3 Bb3 33. Rxd8 Qxd8 34.
Re1 Bd5 35. Rd1 Bxf3+ 36. Qxf3 Qe8 37. Qd3 Qf7 38. Qd5 Re6 39. c6 Qh5 40. Rd3
Qe2 41. Rg3 Qf1+ 42. Kh2 Qf2+ 43. Kh1 Qf1+ 44. Kh2 Qf2+ 1/2-1/2

[Event "XXXII Mitropa Cup"]
[Site "Meissen GER"]
[Date "2013.06.08"]
[Round "8.4"]
[White "Repka, Christopher"]
[Black "Caprio, Guido"]
[Result "1-0"]
[WhiteElo "2358"]
[BlackElo "2435"]
[Annotator "ITA-SVK"]
[PlyCount "57"]
[EventDate "2013.06.01"]

1. d4 Nf6 2. Nf3 e6 3. Bf4 c5 4. e3 d5 5. c3 Nc6 6. Nbd2 Bd6 7. dxc5 Bxc5 8.
Bd3 O-O 9. O-O Re8 10. e4 Nh5 11. Bg5 Qc7 12. exd5 exd5 13. Qa4 Bd7 14. Qh4 g6
15. Nb3 Bb6 16. Rad1 Ne5 17. Be2 Bg4 18. Rxd5 Nxf3+ 19. Bxf3 Bxf3 20. gxf3 Re2
21. Bh6 Qc6 22. c4 Rae8 23. Kh1 Nf6 24. Nd4 Re1 25. Nxc6 Rxf1+ 26. Kg2 Rxf2+
27. Kg3 Ne4+ 28. fxe4 bxc6 29. c5 1-0

[Event "XXXII Mitropa Cup"]
[Site "Meissen GER"]
[Date "2013.06.09"]
[Round "9.1"]
[White "Kuljasevic, Davorin"]
[Black "Brunello, Sabino"]
[Result "1/2-1/2"]
[WhiteElo "2574"]
[BlackElo "2598"]
[Annotator "ITA-CRO"]
[PlyCount "61"]
[EventDate "2013.06.01"]

1. d4 d5 2. c4 e6 3. Nc3 Be7 4. Nf3 Nf6 5. Bg5 O-O 6. e3 h6 7. Bxf6 Bxf6 8. Rc1
c6 9. Bd3 Nd7 10. O-O dxc4 11. Bxc4 e5 12. Ne4 exd4 13. Nxd4 Qe7 14. Nxf6+ Nxf6
15. Qc2 Rd8 16. Bb3 Bd7 17. h3 Rac8 18. Rfd1 Qe4 19. Qxe4 Nxe4 20. f3 Nf6 21.
e4 c5 22. Ne2 b6 23. e5 Ne8 24. Rxd7 Rxd7 25. e6 Re7 26. exf7+ Rxf7 27. Bxf7+
Kxf7 28. Rd1 Nf6 29. Nc3 Rc7 30. Kf2 Ke6 31. h4 1/2-1/2

[Event "XXXII Mitropa Cup"]
[Site "Meissen GER"]
[Date "2013.06.09"]
[Round "9.2"]
[White "Godena, Michele"]
[Black "Jankovic, Alojzije"]
[Result "1/2-1/2"]
[WhiteElo "2518"]
[BlackElo "2559"]
[Annotator "ITA-CRO"]
[PlyCount "62"]
[EventDate "2013.06.01"]

1. e4 c5 2. c3 Nf6 3. e5 Nd5 4. Nf3 Nc6 5. d4 cxd4 6. cxd4 d6 7. Bc4 Nb6 8. Bb5
dxe5 9. Nxe5 Bd7 10. Nxd7 Qxd7 11. Nc3 e6 12. O-O Be7 13. Qg4 O-O 14. Bxc6 bxc6
15. Bh6 Bf6 16. Rfd1 Kh8 17. Ne4 Qe7 18. Bg5 Bxg5 19. Qxg5 Qxg5 20. Nxg5 Nd5
21. Rac1 Rab8 22. Rd2 Rb6 23. Nf3 Kg8 24. Ne5 Rc8 25. g3 Ne7 26. b3 Rc7 27. Kf1
h5 28. Rc4 Nd5 29. Nd3 Kf8 30. Nc5 Ke7 31. h4 g6 1/2-1/2

[Event "XXXII Mitropa Cup"]
[Site "Meissen GER"]
[Date "2013.06.09"]
[Round "9.4"]
[White "Mogranzini, Roberto"]
[Black "Martinovic, Sasa"]
[Result "1/2-1/2"]
[WhiteElo "2513"]
[BlackElo "2527"]
[Annotator "ITA-CRO"]
[PlyCount "61"]
[EventDate "2013.06.01"]

1. Nf3 d5 2. c4 c6 3. b3 Bf5 4. Bb2 e6 5. g3 Nf6 6. Bg2 Be7 7. O-O O-O 8. d3 h6
9. Nbd2 a5 10. a3 Bh7 11. Qc2 Nbd7 12. Ne5 Nxe5 13. Bxe5 Nd7 14. Bb2 Bf6 15.
Rfc1 Qb6 16. Bxf6 Nxf6 17. cxd5 exd5 18. Qc5 Qxc5 19. Rxc5 Rfe8 20. Kf1 Bf5 21.
Rcc1 Kf8 22. h3 g5 23. b4 axb4 24. axb4 Ke7 25. Nb3 Kd6 26. Rxa8 Rxa8 27. Ra1
Rxa1+ 28. Nxa1 b6 29. Ke1 c5 30. bxc5+ bxc5 31. Kd2 1/2-1/2